000 00583nam a2200217 a 4500
001 BRL_856
005 20190320210928.0
008 181013s1962----mx-#######---#000-1#spa-#
041 _aspa
044 _amx
050 4 _aPQ7297
_b.L66 1962
100 1 _aLombardo de Caso, María
_925147
245 1 0 _aLa culebra tapó el río
_cMaría Lombardo de Caso.
260 _aXalapa, Ver.
_bUniversidad Veracruzana
_c1962
300 _a79 p.
_c20 cm.
440 0 _aFicción
_v46
_925148
500 _aAu958
650 1 4 _anovela mexicana
_ySiglo XX
_923904
902 _aGRL
942 _2lcc
_cB
999 _c9668
_d9668